| 000 | 00550nam a2200205Ia 4500 | ||
|---|---|---|---|
| 003 | OSt | ||
| 005 | 20250916164456.0 | ||
| 008 | 210719s1987 xx 000 0 und d | ||
| 040 | _cAL | ||
| 041 | _aTulu | ||
| 082 | _aT894.2 RAVE | ||
| 100 |
_aRAV (P S) _dರಾವ್ (ಪಿ ಎಸ್) _9205055 |
||
| 245 |
_aEnkla madme avode _bಎಂಕ್ ಲಾ ಮದ್ಮೆ ಆವೊಡೆ |
||
| 260 |
_aMangalore _c1987 |
||
| 300 |
_a42 _bPB |
||
| 365 |
_b5 _cRs |
||
| 650 |
_aTulu Drama _9205056 |
||
| 650 |
_aTulu Drama _9205056 |
||
| 942 |
_2ddc _cBK |
||
| 999 |
_c214665 _d214665 |
||